000 01145nmm a2200337 a 4500
001 ocm0001683057
003 TR-IsHL
005 20201028170013.0
008 171225s2008 tu tur
007 cr cn
020 _a9789944122511
035 _a1683057
_b(N$T)
050 0 4 _aDR593
_b.A85 2008
090 0 4 _aDR593
_b.A85 2008
100 1 _aAtılgan, Gökhan
245 1 0 _aKemalizm ile Marksizm arasında geleneksel aydınlar: yön-devrim hareketi
_h[electronic resource] /
_cGökhan Atılgan
250 _aBirinci basım
260 _aİstanbul :
_bYordam Kitap,
_c2008
300 _a369 p.
500 _aKaynakça ve dizin var.
_x
650 4 _aTarih
650 4 _aHistory
650 0 _aKemalizm
650 0 _aKemalism
650 0 _aSosyalizm
_x Türkiye
_x Tarih
650 0 _aSocialism
_x Turkey
_x History
650 0 _aTürkiye
_x Politika ve idare
_x 1960-1980
650 0 _aTurkey
_x Politics and government
_x 1960-1980
650 7 _aPOLITICAL SCIENCE / Political Ideologies / Democracy
_2bisacsh
856 4 0 _uhttp://search.ebscohost.com/login.aspx?direct=true&scope=site&db=e011xww&AN=1683057
999 _c16049
_d16049